000 01016nam a2200325Ia 4500
999 _c7046
_d7046
001 64464
003 GBCCL
005 20241126110618.0
008 960223s1996 ilu b 001 0 eng d
020 _a0802407587
020 _a9780802407580
035 _a(OCoLC)34259859
040 _aNA5
_cNA5
_dLBB
049 _aLBBK
082 _a225.77
_bMAC
090 _aBS2755.3
_b.M33 1996
092 _a227.85
_bM11
100 1 _aMacArthur, John,
_d1939-
_91165
245 1 0 _aTitus /
_cJohn MacArthur, Jr.
250 _aIndian edition
260 _aChicago :
_bMoody Press,
_cc1996.
300 _axiii, 181 p. ;
_c24 cm.
490 1 _aThe MacArthur New Testament commentary
504 _aIncludes bibliographical references (p. 171) and indexes.
630 0 0 _aBible.
_pN.T.
_pTitus
_xCommentaries.
_912479
730 0 _aBible.
_pN.T.
_pTitus.
_lEnglish.
_sNew American Standard.
_f1996.
_912480
740 0 1 _aTitus.
800 1 _aMacArthur, John,
_d1939-
_tMacArthur New Testament commentary.
_912401
942 _2ddc
_cREF